Sports Quiz

Random Sports or NFL Quiz
Score 0/161 Timer 15:00
0 Plays Today
Name Answer % Correct
New England PatriotsTom Brady
84.5%
Detroit LionsCalvin Johnson
84.5%
Houston TexansAndre Johnson
83.6%
Kansas City ChiefsDerrick Johnson
83.6%
Carolina PanthersCharles Johnson
83.6%
Arizona CardinalsRashad Johnson
83.6%
New York GiantsEli Manning
82.8%
Cincinnati BengalsAndre Smith
78.4%
Dallas CowboysTony Romo
75.9%
Green Bay PackersAaron Rodgers
75%
Buffalo BillsKyle Williams
74.1%
San Diego ChargersPhilip Rivers
74.1%
Green Bay PackersTramon Williams
74.1%
Carolina PanthersDeAngelo Williams
74.1%
Arizona CardinalsDan Williams
74.1%
Washington RedskinsTrent Williams
73.3%
Buffalo BillsFred Jackson
72.4%
Minnesota VikingsAdrian Peterson
71.6%
New Orleans SaintsDrew Brees
71.6%
Cleveland BrownsJoe Thomas
69.8%
Denver BroncosDemaryius Thomas
69.8%
Seattle SeahawksEarl Thomas
69.8%
Baltimore RavensJoe Flacco
67.2%
Pittsburgh SteelersBen Roethlisberger
67.2%
Atlanta FalconsMatt Ryan
66.4%
Detroit LionsMatthew Stafford
65.5%
Chicago BearsJay Cutler
63.8%
Atlanta FalconsRoddy White
62.5%
Indianapolis ColtsReggie Wayne
60.3%
St. Louis RamsSam Bradford
60.3%
Baltimore RavensTerrell Suggs
59.5%
Pittsburgh SteelersHeath Miller
59.5%
Denver BroncosVon Miller
59.5%
Philadelphia EaglesJason Peters
58.6%
Arizona CardinalsLarry Fitzgerald
57.8%
Carolina PanthersThomas Davis
56.9%
St. Louis RamsChris Long
56.9%
San Francisco 49ersVernon Davis
56.9%
Pittsburgh SteelersBrett Keisel
56.3%
Indianapolis ColtsAndrew Luck
55.2%
Tampa Bay BuccaneersGerald McCoy
55.2%
Seattle SeahawksMarshawn Lynch
54.3%
New Orleans SaintsMarques Colston
53.4%
New York JetsKyle Wilson
52.6%
Houston TexansDuane Brown
51.7%
Pittsburgh SteelersTroy Polamalu
50%
Dallas CowboysJason Witten
49.1%
New England PatriotsVince Wilfork
48.3%
Indianapolis ColtsRobert Mathis
48.3%
New York JetsD'Brickashaw Ferguson
47.4%
San Diego ChargersAntonio Gates
47.4%
Oakland RaidersDarren McFadden
46.6%
Baltimore RavensHaloti Ngata
44.8%
Houston TexansArian Foster
44.8%
Name Answer % Correct
Green Bay PackersA.J. Hawk
44.8%
Tampa Bay BuccaneersMason Foster
44.8%
New Orleans SaintsPierre Thomas
44%
San Diego ChargersNick Hardwick
43.8%
New York JetsNick Mangold
43.1%
Carolina PanthersJonathan Stewart
43.1%
San Francisco 49ersPatrick Willis
43.1%
Philadelphia EaglesJeremy Maclin
42.2%
Cleveland BrownsPhil Taylor
41.4%
Pittsburgh SteelersIke Taylor
41.4%
San Francisco 49ersFrank Gore
41.4%
Miami DolphinsCameron Wake
40.5%
Green Bay PackersJordy Nelson
40.5%
New England PatriotsJerod Mayo
39.7%
New York JetsDavid Harris
39.7%
Kansas City ChiefsTamba Hali
39.7%
New York GiantsVictor Cruz
39.7%
Chicago BearsCharles Tillman
39.7%
Chicago BearsLance Briggs
39.7%
Buffalo BillsC.J. Spiller
38.8%
Buffalo BillsEric Wood
37.9%
Jacksonville JaguarsMarcedes Lewis
37.1%
Dallas CowboysDoug Free
36.2%
Cincinnati BengalsLeon Hall
35.3%
Cleveland BrownsJoe Haden
35.3%
Kansas City ChiefsDwayne Bowe
35.3%
San Diego ChargersRyan Mathews
35.3%
Washington RedskinsDeAngelo Hall
35.3%
Philadelphia EaglesTrent Cole
34.5%
Washington RedskinsSantana Moss
34.5%
Chicago BearsMatt Forte
34.5%
Kansas City ChiefsJamaal Charles
33.6%
Kansas City ChiefsEric Berry
32.8%
Denver BroncosRyan Clady
31.9%
New York GiantsJason Pierre-Paul
31.9%
Atlanta FalconsJonathan Babineaux
31.3%
Tennessee TitansMichael Griffin
29.3%
Washington RedskinsBrian Orakpo
29.3%
New Orleans SaintsJahri Evans
29.3%
Seattle SeahawksRussell Okung
29.3%
Miami DolphinsBrian Hartline
28.4%
Houston TexansBrian Cushing
28.4%
San Diego ChargersMalcom Floyd
28.4%
San Francisco 49ersJoe Staley
28.4%
Arizona CardinalsDarnell Dockett
27.6%
Minnesota VikingsChad Greenway
26.7%
Indianapolis ColtsT.Y. Hilton
25.9%
Tennessee TitansJason McCourty
25.9%
New York JetsCalvin Pace
25%
Cleveland BrownsAlex Mack
25%
Carolina PanthersRyan Kalil
25%
Atlanta FalconsSam Baker
24.1%
San Diego ChargersEric Weddle
23.3%
Jacksonville JaguarsCecil Shorts
22.4%
Name Answer % Correct
Baltimore RavensMarshal Yanda
21.6%
Detroit LionsBrandon Pettigrew
21.6%
Buffalo BillsLeodis McKelvin
20.7%
Baltimore RavensLardarius Webb
20.7%
Tennessee TitansMichael Roos
20.7%
Philadelphia EaglesBrent Celek
20.7%
New York GiantsMathis Kiwanuka
19.8%
Cincinnati BengalsAndrew Whitworth
19%
Arizona CardinalsCalais Campbell
19%
Jacksonville JaguarsTyson Alualu
18.1%
Washington RedskinsDarrel Young
18.1%
New England PatriotsDan Connolly
16.4%
Philadelphia EaglesTodd Herremans
16.4%
Green Bay PackersJosh Sitton
16.4%
Miami DolphinsRandy Starks
15.5%
Indianapolis ColtsAnthony Castonzo
15.5%
Oakland RaidersTyvon Branch
15.5%
Dallas CowboysAnthony Spencer
15.5%
St. Louis RamsJames Laurinaitis
15.5%
Miami DolphinsJared Odrick
14.7%
Tennessee TitansDerrick Morgan
14.7%
Dallas CowboysOrlando Scandrick
14.7%
Detroit LionsDominic Raiola
14.7%
St. Louis RamsRodger Saffold
14.7%
Seattle SeahawksMax Unger
14.7%
Cincinnati BengalsDomata Peko
13.8%
Chicago BearsRoberto Garza
13.8%
New York GiantsWill Beatty
12.9%
San Francisco 49ersRay McDonald
12.9%
Jacksonville JaguarsPaul Posluszny
12.1%
Oakland RaidersMarcel Reece
12.1%
Minnesota VikingsPhil Loadholt
12.1%
Atlanta FalconsJustin Blalock
12.1%
Minnesota VikingsJohn Sullivan
11.2%
Seattle SeahawksBrandon Mebane
11.2%
Detroit LionsDeAndre Levy
10.3%
Minnesota VikingsBrian Robison
10.3%
Tampa Bay BuccaneersDa'Quan Bowers
10.3%
New England PatriotsRyan Wendell
9.5%
Cincinnati BengalsRey Maualuga
9.5%
Houston TexansChris Myers
9.5%
Tampa Bay BuccaneersAdrian Clayborn
9.5%
St. Louis RamsEugene Sims
9.5%
Tennessee TitansAkeem Ayers
8.6%
Oakland RaidersStefen Wisniewski
8.6%
New Orleans SaintsZach Strief
7.8%
Miami DolphinsKoa Misi
6.9%
Cleveland BrownsAhytba Rubin
4.3%
Jacksonville JaguarsChris Prosinski
3.4%
Tampa Bay BuccaneersDemar Dotson
3.4%
Denver BroncosMitch Unrein
1.7%
Denver BroncosDavid Bruton
1.7%
Oakland RaidersChimdi Chekwa
1.7%
Remove Ads.
Support Sporcle.
Get the best of Sporcle when you Go Orange. This ad-free experience offers more features, more stats, and more fun while also helping to support Sporcle. Thank you for becoming a member.

You're not logged in!

Compare scores with friends on all Sporcle quizzes.
OR
Log In

Show Comments

Extras

Top Quizzes Today


Score Distribution

Your Account Isn't Verified!

In order to create a playlist on Sporcle, you need to verify the email address you used during registration. Go to your Sporcle Settings to finish the process.

Report this User

Report this user for behavior that violates our Community Guidelines.

Details: